Final Fantasy VI Grab Bag Quiz Stats

 Plays Quiz Updated Jan 26, 2015

Score 0/107 Timer 15:00
0 Plays Today
% Correct
Terra Branford
92.1%
Locke Cole
90.2%
Kefka Palazzo
89.7%
Edgar Roni Figaro
88%
Sabin Rene Figaro
87.9%
Celes Chere
87.2%
Shadow
87%
Gau
84.6%
Cyan Garamonde
84.5%
Mog
84.4%
Relm Arrowny
81.8%
Gogo
81.7%
Umaro
81.2%
Strago Magus
80.5%
Setzer Gabbiani
80.5%
Figaro
77.6%
General Leo Cristophe
75.8%
Shiva
72.7%
Ifrit
71.7%
Narshe
71.2%
Emperor Gestahl
71%
Chain Saw
69.5%
Drill
66.7%
Ramuh
66.5%
Banon
64.1%
South Figaro
61.2%
Auto Crossbow
60.8%
Wedge
60.5%
Vicks
60.4%
Pummel
60%
Bum Rush
60%
Red Dragon
59.2%
?????
58.4%
Dirt Dragon
58.3%
Maduin
58%
Blue Dragon
57.6%
% Correct
Odin
57.6%
Bahamut
57.2%
Suplex
56.7%
White Dragon
55.7%
Bio Blaster
55.3%
Zozo
53.2%
Ultros
52.3%
Fire Dance
50.3%
Carbunkl
49.8%
Aura Bolt
48.7%
Vector
48.1%
Phoenix
47.2%
Ice Dragon
46.9%
Doma
46.8%
Noise Blaster
46.6%
Raiden
46.6%
Gold Dragon
46.5%
Stray
46.3%
Alexander
46.2%
Ragnarok
46%
Tritoch
45.7%
Siren
45.6%
Dispatch
45.3%
Flash
44.8%
Moogles
44.7%
Jidoor
44.1%
Bismark
43.2%
Golem
43.1%
Kirin
43%
Air Anchor
42.1%
Retort
40.6%
Phantom
40.6%
Shoat
40.4%
Mantra
40.4%
Crusader
40%
Quadra Slam
40%
% Correct
Maranda
39.5%
Water Rondo
39.4%
Tzen
39.2%
Mobliz
39%
Quadra Slice
38.3%
Zoneseek
38.2%
Thamasa
37.1%
Storm Dragon
36.9%
Unicorn
36.8%
Fenrir
36.4%
Kohlingen
36.3%
Sraphim
35.5%
Albrook
35.3%
Terrato
34.1%
Debilitator
33.5%
Palidor
33.3%
Starlet
33.1%
Skull Dragon
32.8%
Nikeah
32.5%
Kefka's Tower
31.6%
Slash
30.3%
Cleave
30.2%
Air Blade
30.1%
Dusk Requiem
27.5%
Snowman Jazz
27.5%
Tower of Fanatics
26.8%
Empowerer
26.3%
Love Sonata
26%
Earth Blues
25.1%
Desert Aria
23.8%
Ancient Castle
23.5%
Wind Song
23.4%
Forest Suite
21.7%
Spiraler
21.4%
Stunner
19.4%

You're not logged in!

Compare scores with friends on all Sporcle quizzes.
OR
Log In

Show Comments

Extras

Top Quizzes Today


Score Distribution

Your Account Isn't Verified!

In order to create a playlist on Sporcle, you need to verify the email address you used during registration. Go to your Sporcle Settings to finish the process.

Report this User

Report this user for behavior that violates our Community Guidelines.

Details: